| 000 | 00000nam##2200000za#4500 |
| 001 | 9.661549 |
| 003 | CaOODSP |
| 005 | 20200401064016 |
| 007 | ta |
| 008 | 150407|2000||||xxc||||| f|0| 0 eng|d |
| 020 | |a0-662-64683-5 |
| 040 | |aCaOODSP|beng |
| 041 | |aeng |
| 041 | |afre |
| 043 | |an-cn--- |
| 086 | 1 |aBT43-101/2000 |
| 110 | 1 |aCanada.|bTreasury Board.|bPersonnel Policy Branch. |
| 245 | 10|aEmployment equity for women... still matters |
| 260 | |aOttawa - Ontario : |bTreasury Board of Canada Secretariat. |c2000. |
| 300 | |aEnglish text, 14p. ; |c21 cm. |
| 500 | |a"This booklet brings together a number of concrete suggestions designed to improve the participation of women in all groups and at all levels of the federal Public Service. These suggestions are grouped in four main areas, as follows: recruitment and selection; career development and advancement; organizational culture; supportive employment policies and practices."--Introduction. |
| 520 | 3 |aThis booklet brings together a number of concrete suggestions designed to improve the participation of women in all groups and at all levels of the federal Public Service. These suggestions are grouped in four main areas, as follows: recruitment and selection; career development and advancement; organizational culture; supportive employment policies and practices.--Introduction |
| 546 | |aBilingual |
| 563 | |aSoftcover |
| 590 | |a00-23|b2000-06-09 |
| 690 | 07|aWomen|2gcpds |
| 690 | 07|aEmployment equity|2gcpds |
| 690 | 07|aPublic service|2gcpds |
| 776 | 0#|tL'équité en emploi pour les femmes... une question toujours d'actualité |w(CaOODSP)9.633055 |
| 776 | 0#|tEmployment equity for women ...still matters |w(CaOODSP)9.688634 |
| 792 | |tL'équité en emploi pour les femmes... une question toujours d'actualité |efre|w(CaOODSP)9.661550 |